Catalog

Record Details

Catalog Search



Základy demokracie - spravedlnost : učebnice pro 4.-6. ročník základní školy : vzdělávací oblast Člověk a jeho svět, vzdělávací oblast Člověk a společnost, průřezové téma Výchova demokratického občana  Cover Image Book Book

Základy demokracie - spravedlnost : učebnice pro 4.-6. ročník základní školy : vzdělávací oblast Člověk a jeho svět, vzdělávací oblast Člověk a společnost, průřezové téma Výchova demokratického občana / [autoři české adaptace Michaela Dvořáková, Jana Stará, Oldřich Matoušek]

Record details

  • ISBN: 80-7254-881-6
  • Physical Description: 100 s. : il. ; 29 cm
  • Edition: Vyd. 1.
  • Publisher: V Praze : Triton, 2006

Content descriptions

General Note:
Přeloženo z angličtiny
Učebnice vznikla na základě adaptace materiálu "Foundations of democracy: justice"
Subject: spravedlnost
výchova k demokracii
justice
education for democracy
Genre: učebnice základních škol
textbooks (elementary)

Available copies

  • 2 of 2 copies available at Common Catalog SPOK.

Holds

  • 0 current holds with 2 total copies.
Show Only Available Copies
Location Call Number / Copy Notes Barcode Shelving Location Status Due Date
Montessori Library KNI0369 4614600369 Chodba Available -
Varianty GRV Met Zá 4605400329 Šafaříkova 17 - 5. patro, GRV Available -

Electronic resources

Version of Resource: Digitalizovaný dokument


LDR 01937nam a2200469 a 4500
00131179
003CZ-PrJAB
00520190228140815.0
007ta
008061205s2006 xr a c p 000 0 cze
015 . ‡acnb001700566
020 . ‡a80-7254-881-6 ‡q(brož.)
035 . ‡a(CZ PrNK)nkc20061700566
035 . ‡a(OCoLC)124089469
040 . ‡aBOA001 ‡bcze ‡dABA001
0411 . ‡acze ‡heng
072 7. ‡a34 ‡xPrávo ‡2Konspekt ‡916
072 7. ‡a37.016 ‡xUčební osnovy. Vyučovací předměty. Učebnice ‡2Konspekt ‡922
080 . ‡a340.114 ‡2MRF
080 . ‡a177.9 ‡2MRF
080 . ‡a37.017.4 ‡2MRF
080 . ‡a(075.2) ‡2MRF
24500. ‡aZáklady demokracie - spravedlnost : ‡bučebnice pro 4.-6. ročník základní školy : vzdělávací oblast Člověk a jeho svět, vzdělávací oblast Člověk a společnost, průřezové téma Výchova demokratického občana / ‡c[autoři české adaptace Michaela Dvořáková, Jana Stará, Oldřich Matoušek]
24630. ‡aSpravedlnost
250 . ‡aVyd. 1.
260 . ‡aV Praze : ‡bTriton, ‡c2006
300 . ‡a100 s. : ‡bil. ; ‡c29 cm
500 . ‡aPřeloženo z angličtiny
500 . ‡aUčebnice vznikla na základě adaptace materiálu "Foundations of democracy: justice"
65007. ‡aspravedlnost ‡7ph125972 ‡2czenas
65007. ‡avýchova k demokracii ‡7ph136905 ‡2czenas
65009. ‡ajustice ‡2eczenas
65009. ‡aeducation for democracy ‡2eczenas
655 7. ‡aučebnice základních škol ‡7fd133773 ‡2czenas
655 9. ‡atextbooks (elementary) ‡2eczenas
7001 . ‡aDvořáková, Michaela, ‡d1968- ‡7xx0002246 ‡4aut
7001 . ‡aStará, Jana, ‡d1967- ‡7mzk2005266023 ‡4aut
7001 . ‡aMatoušek, Oldřich, ‡d1947- ‡7nlk19990073542 ‡4aut
7870 . ‡tFoundations of democracy: justice
85641. ‡uhttp://kramerius4.nkp.cz/search/handle/uuid:1d395160-5bea-11e7-8ee1-005056827e51 ‡yDigitalizovaný dokument
910 . ‡aABH006
901 . ‡a31179 ‡b ‡c31179 ‡tbiblio

Additional Resources